header

AutoCAD 2011 for interior design and space planning / (Record no. 251417)

MARC details
000 -LEADER
fixed length control field 01378cam a22003497a 4500
001 - CONTROL NUMBER
control field 16131822
003 - CONTROL NUMBER IDENTIFIER
control field OSt
005 - DATE AND TIME OF LATEST TRANSACTION
control field 20151119122342.0
008 - FIXED-LENGTH DATA ELEMENTS--GENERAL INFORMATION
fixed length control field 100312s2011 maua 000 0 eng d
010 ## - LIBRARY OF CONGRESS CONTROL NUMBER
LC control number 2010924605
020 ## - INTERNATIONAL STANDARD BOOK NUMBER
International Standard Book Number 0135124646 (pbk.)
International Standard Book Number 9780135124642 (pbk.)
035 ## - SYSTEM CONTROL NUMBER
System control number (OCoLC)ocn640095700
040 ## - CATALOGING SOURCE
Original cataloging agency YDXCP
Transcribing agency YDXCP
Modifying agency S9I
-- DLC
042 ## - AUTHENTICATION CODE
Authentication code lccopycat
050 00 - LIBRARY OF CONGRESS CALL NUMBER
Classification number NK2114
Item number .K57 2011
100 1# - MAIN ENTRY--PERSONAL NAME
Personal name Kirkpatrick, Beverly L.
245 10 - TITLE STATEMENT
Title AutoCAD 2011 for interior design and space planning /
Statement of responsibility, etc Beverly L. Kirkpatrick, James M. Kirkpatrick.
260 ## - PUBLICATION, DISTRIBUTION, ETC. (IMPRINT)
Place of publication, distribution, etc Boston :
Name of publisher, distributor, etc Prentice Hall,
Date of publication, distribution, etc c2011.
300 ## - PHYSICAL DESCRIPTION
Extent xvii, 654 p. :
Other physical details ill. ;
Dimensions 28 cm.
500 ## - GENERAL NOTE
General note "With cover art and opening art from Pei Cobb Freed & Partners, LLP."
General note "Autodesk Education Press"--Cover.
630 00 - SUBJECT ADDED ENTRY--UNIFORM TITLE
Uniform title AutoCAD.
650 #0 - SUBJECT ADDED ENTRY--TOPICAL TERM
Topical term or geographic name as entry element Interior decoration
General subdivision Computer-aided design.
Topical term or geographic name as entry element Interior architecture
General subdivision Computer-aided design.
Topical term or geographic name as entry element Space (Architecture)
General subdivision Computer-aided design.
700 1# - ADDED ENTRY--PERSONAL NAME
Personal name Kirkpatrick, James M.
710 2# - ADDED ENTRY--CORPORATE NAME
Corporate name or jurisdiction name as entry element Pei Cobb Freed & Partners.
906 ## - LOCAL DATA ELEMENT F, LDF (RLIN)
a 7
b cbc
c copycat
d 3
e epcn
f 20
g y-gencatlg
942 ## - ADDED ENTRY ELEMENTS (KOHA)
Source of classification or shelving scheme Library of Congress Classification
Koha item type Long Loan Books

No items available.

© 2026 Rongo University
Contact us: librarian | system librarian | Rongo university